[Event "AUT-ch U16"]
[Site "St Veit"]
[Date "2023.04.06"]
[Round "7"]
[White "Radnaev, Nomin"]
[Black "Nguyen, Le Minh Phu"]
[Result "1/2-1/2"]
[WhiteElo "1949"]
[BlackElo "2204"]
[PlyCount "61"]
[EventDate "2023.04.02"]
[EventType "swiss"]
[EventRounds "7"]
[EventCountry "AUT"]
[SourceTitle "EXT 2024"]
[Source "ChessBase"]
[SourceDate "2023.10.10"]
[SourceVersion "1"]
[SourceVersionDate "2023.10.10"]
[SourceQuality "1"]

1. d4 Nf6 2. c4 e6 3. Nf3 b6 4. a3 Bb7 5. Bf4 c5 6. Nc3 cxd4 7. Qxd4 d5 8. cxd5 Nxd5 9. 0-0-0 Qc8 10. Bd2 Qc5 11. e4 Nxc3 12. Bxc3 Qxd4 13. Nxd4 a6 14. Bd3 Nd7 15. Rhe1 Be7 16. f4 Rc8 17. Nc2 Nc5 18. Bd4 0-0 19. Bxc5 Rxc5 20. Kb1 Rd8 21. Re2 Rc7 22. Red2 Rcd7 23. Kc1 Bc5 24. e5 g6 25. b4 Bf8 26. g3 Bf3 27. Be2 Rxd2 28. Rxd2 Rxd2 29. Kxd2 Bb7 30. Ne3 b5 31. Nc2 1/2-1/2

[Event "Feffernitz op 31st"]
[Site "Feffernitz"]
[Date "2022.08.10"]
[Round "6"]
[White "Schreiner, Till"]
[Black "Nguyen, Le Minh Phu"]
[Result "1-0"]
[WhiteElo "2323"]
[BlackElo "2058"]
[PlyCount "65"]
[EventDate "2022.08.06"]
[EventType "swiss"]
[EventRounds "9"]
[EventCountry "AUT"]
[SourceTitle "CBM 209 Extra"]
[Source "ChessBase"]
[SourceDate "2022.09.30"]
[SourceVersion "1"]
[SourceVersionDate "2022.09.30"]
[SourceQuality "1"]

1. d4 Nf6 2. c4 e6 3. Nf3 Bb4+ 4. Nbd2 b6 5. a3 Bxd2+ 6. Qxd2 Bb7 7. e3 Ne4 8. Qc2 0-0 9. Be2 d6 10. b4 Nd7 11. Bb2 f5 12. 0-0 Qe8 13. d5 e5 14. Bd3 Ndf6 15. Ne1 b5 16. f3 Ng5 17. Bxf5 bxc4 18. f4 Nf7 19. e4 c6 20. fxe5 Nxe5 21. Be6+ Kh8 22. Bxe5 dxe5 23. Qxc4 cxd5 24. exd5 Rd8 25. Rd1 Qa4 26. Nd3 Ba6 27. Qc1 Bxd3 28. Rxd3 Rfe8 29. Rg3 Nh5 30. Rg5 Nf4 31. Qc7 Nxe6 32. dxe6 Rg8 33. Rxg7 1-0

[Event "AUT-ch U14"]
[Site "St Veit"]
[Date "2022.04.12"]
[Round "5"]
[White "Nguyen, Le Minh Phu"]
[Black "Geroe, Leonhard"]
[Result "1-0"]
[WhiteElo "2066"]
[BlackElo "1957"]
[PlyCount "77"]
[EventDate "2022.04.10"]
[EventType "swiss"]
[EventRounds "7"]
[EventCountry "AUT"]
[SourceTitle "EXT 2023"]
[Source "ChessBase"]
[SourceDate "2022.10.05"]
[SourceVersion "1"]
[SourceVersionDate "2022.10.05"]
[SourceQuality "1"]

1. d4 d5 2. c4 c6 3. Nc3 e6 4. Bf4 Nf6 5. e3 Nbd7 6. Nf3 Be7 7. Bd3 dxc4 8. Bxc4 b5 9. Bd3 Bb7 10. 0-0 a6 11. a4 b4 12. Ne4 Nxe4 13. Bxe4 Nf6 14. Qc2 Nxe4 15. Qxe4 Qb6 16. Rac1 Qa7 17. Qe5 0-0 18. Bg5 Bd8 19. Rc4 a5 20. Rfc1 Rc8 21. Bxd8 Rfxd8 22. Qc5 Qa8 23. Qb6 c5 24. Rxc5 Bxf3 25. gxf3 Rb8 26. Qc6 Qxc6 27. Rxc6 Rd5 28. Ra6 Rbd8 29. Kg2 g5 30. Rc7 e5 31. dxe5 Rxe5 32. Rf6 Rd2 33. Rfxf7 Rxb2 34. Rg7+ Kf8 35. Rxh7 Kg8 36. Rhd7 Re8 37. Rd5 b3 38. Rb7 Kh8 39. Rxa5 1-0

[Event "Bangkok Cha Am op 18th"]
[Site "Bangkog"]
[Date "2018.04.15"]
[Round "3"]
[White "Nguyen, Le Minh Phu"]
[Black "Doshi, Moksh Amitbhai"]
[Result "1/2-1/2"]
[WhiteElo "1565"]
[BlackElo "2297"]
[PlyCount "152"]
[EventDate "2018.04.13"]
[EventType "swiss"]
[EventRounds "9"]
[EventCountry "THA"]
[SourceTitle "CBM 184 Extra"]
[Source "ChessBase"]
[SourceDate "2018.06.28"]
[SourceVersion "1"]
[SourceVersionDate "2018.06.28"]
[SourceQuality "1"]

1. d4 Nf6 2. c4 g6 3. Nc3 d5 4. cxd5 Nxd5 5. e4 Nxc3 6. bxc3 Bg7 7. Be3 c5 8. Nf3 Qa5 9. Qd2 Nc6 10. Rb1 a6 11. Be2 0-0 12. 0-0 cxd4 13. Nxd4 Nxd4 14. Bxd4 Bxd4 15. Qxd4 b5 16. c4 Rd8 17. Qe5 Be6 18. cxb5 Rd2 19. Rb2 Rad8 20. h4 Rxb2 21. Qxb2 Rd2 22. Qe5 h5 23. Qb8+ Kh7 24. Bf3 axb5 25. Rb1 Rxf2 26. Qxb5 Qxa2 27. Qb4 Bg4 28. Qb3 Bxf3 29. Qxa2 Rxa2 30. gxf3 Kg7 31. Rb5 Kf6 32. Rc5 Ke6 33. Rb5 Rd2 34. Rc5 f5 35. exf5+ gxf5 36. Ra5 Rd4 37. Ra6+ Ke5 38. Rh6 Kf4 39. Rxh5 Rd1+ 40. Kf2 Rd2+ 41. Kg1 Rd3 42. Kg2 Re3 43. Rg5 e6 44. Rg6 Re2+ 45. Kg1 Kxf3 46. h5 f4 47. Rg5 Re1+ 48. Kh2 Ra1 49. h6 Ra8 50. Re5 Re8 51. Kg1 Rg8+ 52. Kf1 Rg6 53. Rh5 Rg8 54. Re5 Re8 55. Kg1 Kg4 56. Kf2 Re7 57. Kg2 f3+ 58. Kf2 Kf4 59. Re3 Rh7 60. Rxf3+ Kg5 61. Rh3 Rxh6 62. Rxh6 Kxh6 63. Ke3 Kg5 64. Ke4 Kg6 65. Ke5 Kf7 66. Kf4 Kf6 67. Ke4 e5 68. Kf3 Kf5 69. Ke3 e4 70. Kf2 Kf4 71. Ke2 e3 72. Ke1 Kg3 73. Ke2 Kf4 74. Ke1 Kf3 75. Kf1 e2+ 76. Ke1 Ke3 1/2-1/2

[Event "Ho Chi Minh Pooltech op"]
[Site "Ho Chi Minh City"]
[Date "2017.01.07"]
[Round "2"]
[White "Thai, Ngoc Tuong Minh"]
[Black "Nguyen, Le Minh Phu"]
[Result "1/2-1/2"]
[WhiteElo "1221"]
[BlackElo "1586"]
[PlyCount "148"]
[EventDate "2017.01.07"]
[EventType "swiss"]
[EventRounds "9"]
[EventCountry "VIE"]
[SourceTitle "CBM 176 Extra"]
[Source "ChessBase"]
[SourceDate "2017.03.02"]
[SourceVersion "1"]
[SourceVersionDate "2017.03.02"]
[SourceQuality "1"]

1. d4 d5 2. c4 e6 3. Nc3 Nf6 4. Bg5 Be7 5. Nf3 0-0 6. e3 h6 7. Bh4 Nbd7 8. Bd3 c6 9. 0-0 dxc4 10. Bxc4 Nb6 11. Bd3 Nbd5 12. Rc1 Ng4 13. Bxe7 Qxe7 14. Nxd5 exd5 15. h3 Nf6 16. a3 Ne4 17. Qc2 Re8 18. b4 Bf5 19. Nd2 Qf6 20. Nxe4 dxe4 21. Be2 Qg5 22. Kh2 Qh4 23. Qc5 g6 24. Qd6 Rad8 25. Qg3 Qxg3+ 26. Kxg3 Be6 27. Rc5 Rd5 28. Rfc1 Red8 29. Bc4 Rxc5 30. bxc5 Bxc4 31. Rxc4 Rb8 32. Ra4 a6 33. Rb4 f5 34. Kf4 Kf7 35. Ke5 Ke7 36. g4 fxg4 37. hxg4 h5 38. gxh5 gxh5 39. Kxe4 Kf6 40. Kf4 Kg6 41. Kg3 Kg5 42. e4 h4+ 43. Kh3 a5 44. Rb3 Kf4 45. d5 cxd5 46. exd5 Ke5 47. d6 Kd5 48. d7 Kxc5 49. Rxb7 Rd8 50. Kxh4 Kc6 51. Rb3 Rxd7 52. Rc3+ Kb7 53. f4 Rd4 54. Kg5 Rd1 55. Rg3 Kc7 56. f5 Kd7 57. Kg6 Ke8 58. f6 Kf8 59. Rg5 a4 60. Rh5 Rg1+ 61. Rg5 Rxg5+ 62. Kxg5 Kf7 63. Kf5 Kf8 64. Ke6 Ke8 65. Kf5 Kf7 66. Ke5 Kf8 67. Kd6 Kf7 68. Ke5 Kf8 69. Kd6 Kf7 70. Kc6 Kxf6 71. Kd7 Ke5 72. Kc6 Kd4 73. Kb5 Kc3 74. Kxa4 Kc4 1/2-1/2

[Event "VIE-ch"]
[Site "Bac Giang"]
[Date "2016.06.26"]
[Round "7"]
[White "Nguyen, Le Minh Phu"]
[Black "Nguyen, Viet Huy"]
[Result "0-1"]
[WhiteElo "1270"]
[BlackElo "1710"]
[PlyCount "56"]
[EventDate "2016.06.22"]
[EventType "swiss"]
[EventRounds "9"]
[EventCountry "VIE"]
[SourceTitle "EXT 2017"]
[Source "ChessBase"]
[SourceDate "2016.10.25"]
[SourceVersion "1"]
[SourceVersionDate "2016.10.25"]
[SourceQuality "1"]

1. e4 Nf6 2. e5 Nd5 3. d4 d6 4. c4 Nb6 5. Bf4 dxe5 6. Bxe5 Nc6 7. c5 Nd5 8. Bb5 Bd7 9. Bxc6 Bxc6 10. Nf3 Qd7 11. 0-0 f6 12. Bg3 0-0-0 13. Nc3 g5 14. Nxd5 Qxd5 15. Qc2 h5 16. h3 g4 17. Nh4 gxh3 18. Qf5+ Qxf5 19. Nxf5 hxg2 20. Rfe1 Rh7 21. Rad1 Rd5 22. Ne3 Rg5 23. d5 Bd7 24. Kh2 h4 25. Bf4 Rg8 26. Nxg2 c6 27. Ne3 cxd5 28. Nxd5 Bc6 0-1

[Event "VIE-ch"]
[Site "Bac Giang"]
[Date "2016.06.24"]
[Round "4"]
[White "Nguyen, Le Minh Phu"]
[Black "Le, Thi Nhu Quynh"]
[Result "1-0"]
[WhiteElo "1270"]
[BlackElo "1784"]
[PlyCount "53"]
[EventDate "2016.06.22"]
[EventType "swiss"]
[EventRounds "9"]
[EventCountry "VIE"]
[SourceTitle "EXT 2017"]
[Source "ChessBase"]
[SourceDate "2016.10.25"]
[SourceVersion "1"]
[SourceVersionDate "2016.10.25"]
[SourceQuality "1"]

1. e4 d5 2. exd5 Qxd5 3. Nc3 Qa5 4. d4 c6 5. Nf3 Bf5 6. Bc4 e6 7. 0-0 Nf6 8. Re1 Bd6 9. Bg5 Nbd7 10. d5 cxd5 11. Nxd5 Nxd5 12. Qxd5 Qxd5 13. Bxd5 Rb8 14. Nd4 0-0 15. Nxf5 exf5 16. Be7 Bxe7 17. Rxe7 Nf6 18. Bxb7 Rfd8 19. b3 Rd2 20. c4 Kf8 21. Rae1 Rxa2 22. c5 Ra1 23. c6 Nd5 24. Rxa1 Kxe7 25. Rxa7 Kd6 26. Ra5 g6 27. Rxd5+ 1-0

[Event "VIE-ch"]
[Site "Bac Giang"]
[Date "2016.06.24"]
[Round "5"]
[White "Nguyen, Trung Hieu"]
[Black "Nguyen, Le Minh Phu"]
[Result "1/2-1/2"]
[WhiteElo "1894"]
[BlackElo "1270"]
[PlyCount "50"]
[EventDate "2016.06.22"]
[EventType "swiss"]
[EventRounds "9"]
[EventCountry "VIE"]
[SourceTitle "EXT 2017"]
[Source "ChessBase"]
[SourceDate "2016.10.25"]
[SourceVersion "1"]
[SourceVersionDate "2016.10.25"]
[SourceQuality "1"]

1. d4 d5 2. Nf3 Nf6 3. Bf4 e6 4. e3 c5 5. c3 Nc6 6. Bd3 Be7 7. Ne5 0-0 8. Qf3 Bd6 9. Qh3 h6 10. g4 Ne4 11. f3 Bxe5 12. dxe5 c4 13. Bc2 Qb6 14. b3 g5 15. fxe4 gxf4 16. exf4 d4 17. Nd2 cxb3 18. axb3 dxc3 19. Nc4 Qc5 20. g5 Nb4 21. Rc1 b5 22. Nd6 Qd4 23. Qg2 Qe3+ 24. Kd1 h5 25. Rf1 Nd3 1/2-1/2

[Event "VIE-ch"]
[Site "Bac Giang"]
[Date "2016.06.23"]
[Round "3"]
[White "Nguyen, Le Minh Phu"]
[Black "Doan, Van Duc"]
[Result "0-1"]
[WhiteElo "1270"]
[BlackElo "2142"]
[PlyCount "38"]
[EventDate "2016.06.22"]
[EventType "swiss"]
[EventRounds "9"]
[EventCountry "VIE"]
[SourceTitle "EXT 2017"]
[Source "ChessBase"]
[SourceDate "2016.10.25"]
[SourceVersion "1"]
[SourceVersionDate "2016.10.25"]
[SourceQuality "1"]

1. e4 e5 2. Nf3 d6 3. d4 Nf6 4. Nc3 Nbd7 5. dxe5 dxe5 6. Bc4 Bb4 7. 0-0 0-0 8. Nd5 Nxd5 9. Bxd5 c6 10. Bb3 Qc7 11. Be3 Nc5 12. Bxc5 Bxc5 13. Qe2 Bg4 14. h3 Bh5 15. Rad1 Kh8 16. Rd2 f5 17. exf5 Rxf5 18. g4 Raf8 19. gxf5 e4 0-1